[Event "29th 4NCL Congress"]
[Site "Harrogate"]
[Date "2023.01.22"]
[Round "4"]
[Board "9"]
[White "Siu, Kam Wa"]
[Black "Mcdonnell, James J."]
[Result "0-1"]
[WhiteElo "1701"]
[BlackElo "1902"]
[PlyCount "66"]
[EventDate "2023.01.20"]
[EventRounds "5"]
[EventCountry "ENG"]

1. e4 c5 2. c3 Nf6 3. e5 Nd5 4. d4 cxd4 5. cxd4 d6 6. Nf3 e6 7. Nc3 Nxc3 8. bxc3
Be7 9. Rb1 O-O 10. Bd3 Nc6 11. Qc2 h6 12. O-O b6 13. Ba3 Bb7 14. Be4 Rc8 15. d5 exd5
16. Bf5 Rc7 17. e6 Kh8 18. exf7 Rxf7 19. Be6 Rxf3 20. gxf3 Nd4 21. Qd3 Nxe6 22. Rfe1
Ng5 23. f4 Ne4 24. Bb2 Bf6 25. Rbc1 Qc8 26. Re3 Ba6 27. Qd1 Bh4 28. Rc2 Qf5 29. Bc1
Qg6+ 30. Kh1 Nxf2+ 31. Rxf2 Bxf2 32. Rf3 Qe4 33. Kg2 Be2  0-1

[Event "29th 4NCL Congress"]
[Site "Harrogate"]
[Date "2023.01.22"]
[Round "4"]
[Board "10"]
[White "Obi, Okwose Marc"]
[Black "Billenness, Greg"]
[Result "1/2-1/2"]
[WhiteElo "1871"]
[BlackElo "1818"]
[PlyCount "106"]
[EventDate "2023.01.20"]
[EventRounds "5"]
[EventCountry "ENG"]

1. e4 e5 2. Nf3 Bc5 3. Nxe5 Nc6 4. Nxc6 dxc6 5. Be2 Qh4 6. d4 Bb6 7. Nc3 Nf6 8. Qd3
Bg4 9. e5 Bxe2 10. Nxe2 Ng4 11. Qg3 Qh5 12. O-O Nxh2 13. Re1 Ng4 14. Bf4 g5 15. Be3
Nxe3 16. Qxe3 Qg6 17. c3 O-O-O 18. Ng3 h5 19. Ne4 g4 20. Qg5 Qe6 21. b4 Rdg8 22.
Qf6 Qd5 23. Qf5+ Kb8 24. Nf6 Qc4 25. Nxg8 Rxg8 26. Qh7 Rd8 27. Re3 a5 28. a3 Qb3
29. Qxh5 Qb2 30. Rae1 Qxa3 31. Qxf7 axb4 32. Qe7 Rg8 33. Qf7 Rh8 34. Qg7 Re8 35.
Qf7 Rh8 36. e6 bxc3 37. e7 Bxd4 38. e8=Q+ Rxe8 39. Rxe8+ Ka7 40. Qg8 Qb2 41. Ra8+
Kb6 42. Ra2 Qb4 43. Qe6 g3 44. Qe4 gxf2+ 45. Rxf2 c2 46. Kf1 Qc4+ 47. Rfe2 c1=Q 48.
Rxc1 Qxc1+ 49. Re1 Qc4+ 50. Qe2 Qf7+ 51. Qf3 Qc4+ 52. Qe2 Qf7+ 53. Qf3 Qc4+  1/2-1/2

[Event "29th 4NCL Congress"]
[Site "Harrogate"]
[Date "2023.01.22"]
[Round "4"]
[Board "11"]
[White "Rich, Aaron"]
[Black "Jayawarna, Thisumi"]
[Result "1-0"]
[WhiteElo "1857"]
[BlackElo "1660"]
[PlyCount "124"]
[EventDate "2023.01.20"]
[EventRounds "5"]
[EventCountry "ENG"]

1. b3 d5 2. Bb2 Nf6 3. e3 Bf5 4. f4 e6 5. Nf3 Be7 6. Be2 O-O 7. O-O Nbd7 8. Ne5 h6
9. g4 Bh7 10. d3 Nb6 11. h4 Nfd7 12. Nxd7 Nxd7 13. g5 hxg5 14. hxg5 e5 15. Rf3 f6
16. g6 Bxg6 17. f5 Bh7 18. e4 c6 19. Rh3 Nc5 20. Nd2 Bd6 21. Bh5 Qd7 22. Qe1 g6 23.
Bxg6 Bxg6 24. Rg3 Kf7 25. Rxg6 Rg8 26. Qg3 dxe4 27. dxe4 Bc7 28. Bc3 b5 29. Re1 b4
30. Qh4 Rxg6+ 31. fxg6+ Kg8 32. Bxb4 Bb6 33. Bxc5 Bxc5+ 34. Kh1 Qg7 35. Re2 Qh8 36.
Qxh8+ Kxh8 37. Rg2 Kg7 38. Rg3 Rd8 39. Nc4 Rd1+ 40. Kh2 Re1 41. Nd2 Re2+ 42. Rg2
Rxg2+ 43. Kxg2 Kxg6 44. Nc4 Bb4 45. Kf3 c5 46. Ke2 f5 47. Nxe5+ Kf6 48. Nc4 fxe4
49. Ke3 Kf5 50. Nd6+ Ke5 51. Nxe4 Kd5 52. Kd3 Ke5 53. c3 Ba5 54. Nxc5 Kd5 55. b4
Bb6 56. c4+ Kd6 57. Nb3 Kc6 58. Nd4+ Kd7 59. c5 Bc7 60. Kc4 a6 61. a4 Be5 62. Kd5
Ke8  1-0

[Event "29th 4NCL Congress"]
[Site "Harrogate"]
[Date "2023.01.22"]
[Round "4"]
[Board "12"]
[White "De Silva, Sithun"]
[Black "Neenan, Henry"]
[Result "1/2-1/2"]
[WhiteElo "1553"]
[BlackElo "1846"]
[PlyCount "69"]
[EventDate "2023.01.20"]
[EventRounds "5"]
[EventCountry "ENG"]

1. b3 Nf6 2. Bb2 d5 3. e3 c5 4. d4 cxd4 5. exd4 Bf5 6. Bd3 Bg6 7. Nf3 Nc6 8. O-O
e6 9. Re1 Bd6 10. Ne5 O-O 11. Bxg6 hxg6 12. Nd2 Rc8 13. c4 Bb4 14. Re2 Bxd2 15. Nxc6
Rxc6 16. cxd5 Qxd5 17. Qxd2 Rfc8 18. Qd3 Qa5 19. a3 Qc7 20. g3 Nd5 21. Rd1 Qb6 22.
b4 Nc3 23. Bxc3 Rxc3 24. Qe4 Rxa3 25. d5 Qd8 26. Red2 exd5 27. Rxd5 Qb6 28. Qe7 Qf6
29. Rd8+ Rxd8 30. Rxd8+ Kh7 31. Qxf6 gxf6 32. Rd7 Rb3 33. Rxf7+ Kh6 34. Rxb7 a5 35.
b5  1/2-1/2

[Event "29th 4NCL Congress"]
[Site "Harrogate"]
[Date "2023.01.22"]
[Round "4"]
[Board "13"]
[White "Bielby, Paul R"]
[Black "Hall, David G"]
[Result "1-0"]
[WhiteElo "1890"]
[BlackElo "1769"]
[PlyCount "47"]
[EventDate "2023.01.20"]
[EventRounds "5"]
[EventCountry "ENG"]

1. e4 g6 2. d4 Bg7 3. c3 c6 4. Be3 d5 5. e5 Nh6 6. f4 O-O 7. Nf3 Bg4 8. Be2 b5 9.
Nbd2 Nd7 10. O-O Nb6 11. h3 Bxf3 12. Bxf3 Nc4 13. Nxc4 bxc4 14. b4 e6 15. g4 a5 16.
a3 axb4 17. axb4 Rxa1 18. Qxa1 Qa8 19. Qc1 Qd8 20. f5 Qh4 21. f6 Qxh3 22. fxg7 Kxg7
23. Bg2 Qh4 24. Bg5  1-0

[Event "29th 4NCL Congress"]
[Site "Harrogate"]
[Date "2023.01.22"]
[Round "4"]
[Board "14"]
[White "Jones, Neil T"]
[Black "Salazar Eyre, Emma"]
[Result "1/2-1/2"]
[WhiteElo "1844"]
[BlackElo "1700"]
[PlyCount "95"]
[EventDate "2023.01.20"]
[EventRounds "5"]
[EventCountry "ENG"]

1. d4 Nf6 2. Nf3 e6 3. c4 Bb4+ 4. Bd2 Be7 5. g3 O-O 6. Bg2 d5 7. O-O Nbd7 8. Qc2
h6 9. Bf4 c6 10. b3 Re8 11. Nc3 Bf8 12. e4 dxe4 13. Nxe4 Nxe4 14. Qxe4 Nf6 15. Qc2
Bd6 16. Bc1 Nd7 17. Bb2 e5 18. Rfe1 Bb4 19. Re2 exd4 20. Rxe8+ Qxe8 21. Bxd4 c5 22.
Bb2 Qd8 23. Rd1 Qe7 24. Qd3 Ba5 25. Nh4 Nf6 26. Qd6 Qxd6 27. Rxd6 Bc7 28. Rd3 Ne8
29. f4 Rb8 30. Bd5 b6 31. Kf2 Kf8 32. Nf3 f6 33. Nh4 g5 34. fxg5 hxg5 35. Ng6+ Kg7
36. Ne7 Nd6 37. Nc6 Bf5 38. Re3 Re8 39. Rxe8 Nxe8 40. Nxa7 Bb1 41. a3 Ba2 42. b4
cxb4 43. axb4 Nd6 44. Bd4 Bxc4 45. Bxc4 Nxc4 46. Kf3 Kg6 47. Nb5 Bd8 48. Nc3  1/2-1/2

[Event "29th 4NCL Congress"]
[Site "Harrogate"]
[Date "2023.01.22"]
[Round "4"]
[Board "15"]
[White "Millar, Greg F"]
[Black "Kane, Robert"]
[Result "1/2-1/2"]
[WhiteElo "1784"]
[BlackElo "1843"]
[PlyCount "47"]
[EventDate "2023.01.20"]
[EventRounds "5"]
[EventCountry "ENG"]

1. e4 c6 2. d4 d5 3. e5 Bf5 4. h4 h5 5. Bd3 Bxd3 6. Qxd3 Qa5+ 7. Nd2 e6 8. Ne2 Ne7
9. O-O Nf5 10. g3 Nd7 11. c4 Qa6 12. b3 Be7 13. Bb2 O-O-O 14. Qc2 Kb8 15. Nf3 Nh6
16. Bc1 Ng4 17. Bg5 f6 18. Bf4 Ka8 19. Rfe1 Rdf8 20. Qg6 dxc4 21. Qxg7 Qa3 22. Bc1
Qb4 23. Bd2 Qa3 24. Bc1  1/2-1/2

[Event "29th 4NCL Congress"]
[Site "Harrogate"]
[Date "2023.01.22"]
[Round "4"]
[Board "16"]
[White "Webb, Nick"]
[Black "Dean, Robert A"]
[Result "1/2-1/2"]
[WhiteElo "1748"]
[BlackElo "1830"]
[PlyCount "70"]
[EventDate "2023.01.20"]
[EventRounds "5"]
[EventCountry "ENG"]

1. c4 c6 2. Nc3 Nf6 3. e4 d6 4. d4 g6 5. Be2 Bg7 6. Be3 O-O 7. h4 h5 8. f3 Nbd7 9.
Qd2 Qc7 10. Nh3 e5 11. d5 Rd8 12. g4 Nf8 13. Nf2 Bd7 14. Rg1 Be8 15. f4 Nxg4 16.
Nxg4 hxg4 17. Bxg4 exf4 18. Bxf4 Qa5 19. Bh6 Qc5 20. Be3 Qxc4 21. Be2 Bxc3 22. Bxc4
Bxd2+ 23. Bxd2 cxd5 24. Bxd5 Bc6 25. O-O-O Bxd5 26. exd5 Rac8+ 27. Bc3 Nd7 28. h5
Ne5 29. hxg6 fxg6 30. Kb1 Kg7 31. Rg5 Rf8 32. Rdg1 Rf6 33. Bxe5 dxe5 34. Rxe5 Rd8
35. Rd1 Rd7  1/2-1/2

[Event "29th 4NCL Congress"]
[Site "Harrogate"]
[Date "2023.01.22"]
[Round "4"]
[Board "17"]
[White "Connor, Michael I"]
[Black "Cawston, M John"]
[Result "1/2-1/2"]
[WhiteElo "1760"]
[BlackElo "1820"]
[PlyCount "298"]
[EventDate "2023.01.20"]
[EventRounds "5"]
[EventCountry "ENG"]

1. d4 d5 2. c4 e5 3. dxe5 d4 4. Nf3 Nc6 5. g3 Be6 6. Nbd2 Qd7 7. Bg2 O-O-O 8. a3
h5 9. h4 Nh6 10. Qc2 Ng4 11. Qa4 Kb8 12. Ne4 Ngxe5 13. Nxe5 Nxe5 14. Qxd7 Rxd7 15.
b3 f6 16. O-O Be7 17. f4 Ng4 18. f5 Bf7 19. Bf4 Rhd8 20. Rfd1 Ne3 21. Rd2 Nxg2 22.
Kxg2 g5 23. hxg5 fxg5 24. Nxg5 Bg8 25. Ne6 Rc8 26. Nxd4 Bf6 27. Rad1 Re7 28. Kf3
Rce8 29. e3 a6 30. Nc2 Kc8 31. Nb4 c6 32. Nd3 Bh7 33. Rh2 Bxf5 34. Rxh5 Be4+ 35.
Ke2 Rd7 36. Rh6 Be7 37. Re6 Bf5 38. Rxe7 Bg4+ 39. Ke1 Rdxe7 40. Rc1 Bf5 41. Nc5 Rh8
42. Rc3 Rh1+ 43. Kf2 Bg4 44. e4 b6 45. Nxa6 Rxe4 46. Re3 Rh2+ 47. Kg1 Rxe3 48. Bxe3
Rh3 49. Kg2 Kb7 50. Nb4 Rh5 51. Nd3 Ra5 52. Bc1 Bf5 53. Nf4 Bg4 54. Bb2 Kc7 55. Kf2
Kd6 56. Ke3 Ra8 57. b4 Re8+ 58. Kd3 Bf5+ 59. Kd2 Re4 60. c5+ bxc5 61. bxc5+ Kxc5
62. Nd3+ Kb5 63. Nf4 Kc4 64. Nd3 Re8 65. Ne5+ Kd5 66. g4 Bh7 67. Nd7 Rd8 68. Nf6+
Ke6+ 69. Ke2 Bc2 70. Ke3 Rf8 71. Nh5 Rb8 72. Bc1 Rb1 73. Kd2 Bh7 74. Nf4+ Ke5 75.
Ne2 Rb8 76. Ke3 Rb3+ 77. Kd2 Rd3+ 78. Ke1 Ke4 79. g5 Bg8 80. g6 Kf3 81. g7 Bb3 82.
Bd2 Rd8 83. Nf4 Re8+ 84. Kf1 Bc4+ 85. Kg1 Rd8 86. Ng6 Rxd2 87. Ne5+ Kf4 88. Nxc4
Rd8 89. Na5 Rg8 90. Nxc6 Rxg7+ 91. Kf2 Ke4 92. a4 Kd5 93. Nb4+ Kc4 94. Nc6 Rg5 95.
Ke3 Kc5 96. Nd4 Rg3+ 97. Nf3 Kb4 98. Kf4 Rg8 99. Ke4 Kxa4 100. Nd4 Kb4 101. Nf5 Kc5
102. Ne3 Re8+ 103. Kf4 Kd4 104. Nf5+ Kd3 105. Nd6 Re6 106. Nf5 Re1 107. Ng3 Ra1 108.
Nf5 Ra4+ 109. Ke5 Rb4 110. Nd6 Rh4 111. Nf5 Re4+ 112. Kf6 Rf4 113. Ke5 Rg4 114. Kf6
Ke4 115. Nd6+ Kf4 116. Nf7 Rg1 117. Ne5 Ke4 118. Nf7 Rf1+ 119. Ke6 Kd4 120. Nd6 Re1+
121. Kf6 Kd5 122. Nf5 Rf1 123. Kg5 Ke5 124. Ne3 Rg1+ 125. Ng4+ Ke4 126. Kh4 Kf4 127.
Nf2 Rg8 128. Nh3+ Kf5 129. Nf2 Rg2 130. Nh3 Rg4+ 131. Kh5 Ra4 132. Nf2 Ra2 133. Nh3
Rg2 134. Kh4 Rg8 135. Nf2 Rg2 136. Nh3 Rg7 137. Nf2 Kf4 138. Nh3+ Kf3 139. Ng5+ Ke3
140. Kg4 Ra7 141. Kf5 Ra5+ 142. Kg4 Rb5 143. Ne6 Re5 144. Ng5 Re7 145. Kf5 Ra7 146.
Kg4 Ra5 147. Ne6 Rd5 148. Ng5 Rd4+ 149. Kf5 Rf4+  1/2-1/2

[Event "29th 4NCL Congress"]
[Site "Harrogate"]
[Date "2023.01.22"]
[Round "4"]
[Board "18"]
[White "May, Paul"]
[Black "Liu, Zizheng"]
[Result "1-0"]
[WhiteElo "1815"]
[BlackElo "1611"]
[PlyCount "40"]
[EventDate "2023.01.20"]
[EventRounds "5"]
[EventCountry "ENG"]

1. d4 Nf6 2. c4 e6 3. Nc3 Bb4 4. f3 d5 5. a3 Be7 6. cxd5 exd5 7. Bg5 Nbd7 8. e3 O-O
9. Bd3 c5 10. Nge2 cxd4 11. exd4 Re8 12. Qc2 Qb6 13. O-O h6 14. Bh4 Bd6 15. Rac1
Bf4 16. Nxf4 Qxd4+ 17. Kh1 Qxf4 18. Bg3 Qg5 19. Nb5 Ne5 20. f4 Ned7  1-0

[Event "29th 4NCL Congress"]
[Site "Harrogate"]
[Date "2023.01.22"]
[Round "4"]
[Board "19"]
[White "Chester, Ian B"]
[Black "Williamson, Graham A"]
[Result "1/2-1/2"]
[WhiteElo "1726"]
[BlackElo "1807"]
[PlyCount "47"]
[EventDate "2023.01.20"]
[EventRounds "5"]
[EventCountry "ENG"]

1. e4 e6 2. d4 d5 3. Nd2 c5 4. exd5 Qxd5 5. Ngf3 cxd4 6. Bc4 Qh5 7. O-O Nc6 8. Nb3
Bd7 9. Nbxd4 Nf6 10. Nb5 O-O-O 11. Nd6+ Kb8 12. Ng5 Qxd1 13. Rxd1 Be8 14. Bf4 e5
15. Ngxf7 Rxd6 16. Nxd6 Bxd6 17. Rxd6 exf4 18. Rad1 Kc7 19. c3 Bg6 20. f3 Bf5 21.
Be6 Bc2 22. R1d2 Re8 23. Kf2 Ne5 24. Ke1  1/2-1/2

[Event "29th 4NCL Congress"]
[Site "Harrogate"]
[Date "2023.01.22"]
[Round "4"]
[Board "20"]
[White "Rida, Ruqayyah"]
[Black "Farahmandpour, Ehsan"]
[Result "1-0"]
[WhiteElo "1786"]
[BlackElo "1638"]
[PlyCount "59"]
[EventDate "2023.01.20"]
[EventRounds "5"]
[EventCountry "ENG"]

1. e4 c6 2. d4 d5 3. Nc3 dxe4 4. Nxe4 Nf6 5. Nxf6+ exf6 6. c3 Bd6 7. Bd3 O-O 8. Qc2
h5 9. Ne2 Re8 10. Be3 h4 11. O-O-O Be6 12. Kb1 Qa5 13. c4 c5 14. d5 Bd7 15. Nc3 Na6
16. Ne4 Be5 17. Bd2 Qb6 18. Bc3 Ba4 19. Qxa4 f5 20. Rhe1 fxe4 21. Rxe4 Qf6 22. f4
b5 23. fxe5 Qg6 24. cxb5 Nc7 25. Rg4 Qh5 26. e6 Nxd5 27. Rxg7+ Kf8 28. Rxf7+ Kg8
29. Rg7+ Kh8 30. Rh7+  1-0

[Event "29th 4NCL Congress"]
[Site "Harrogate"]
[Date "2023.01.22"]
[Round "4"]
[Board "21"]
[White "Waite, Nicholas"]
[Black "Butterworth, Paul"]
[Result "0-1"]
[WhiteElo "1437"]
[BlackElo "1785"]
[PlyCount "71"]
[EventDate "2023.01.20"]
[EventRounds "5"]
[EventCountry "ENG"]

1. d4 Nf6 2. Bf4 g6 3. e3 Bg7 4. Nf3 O-O 5. h3 d6 6. Be2 Nfd7 7. O-O Nc6 8. c4 e5
9. Bh2 h6 10. Nc3 f5 11. Re1 g5 12. c5 Kh7 13. cxd6 cxd6 14. dxe5 dxe5 15. Nd5 Nb6
16. Nxb6 Qxb6 17. Rb1 Rd8 18. Qc1 e4 19. Nd2 Be6 20. Nc4 Qb4 21. b3 Rac8 22. a3 Qe7
23. Rd1 Na5 24. Rxd8 Qxd8 25. Qd1 Qxd1+ 26. Bxd1 Nxc4 27. bxc4 Rxc4 28. Bb3 Rc6 29.
Bxe6 Rxe6 30. Rxb7 a6 31. h4 gxh4 32. Bf4 Kg6 33. a4 Bc3 34. Rc7 Ba5 35. Rc8 Kf7
36. Rh8  0-1

[Event "29th 4NCL Congress"]
[Site "Harrogate"]
[Date "2023.01.22"]
[Round "4"]
[Board "22"]
[White "Salisbury, Paul"]
[Black "Ward, William"]
[Result "1/2-1/2"]
[WhiteElo "1700"]
[BlackElo "1850"]
[PlyCount "105"]
[EventDate "2023.01.20"]
[EventRounds "5"]
[EventCountry "ENG"]

1. e4 d5 2. exd5 Nf6 3. Bb5+ Bd7 4. Be2 c6 5. dxc6 Nxc6 6. Nf3 e5 7. d3 Bc5 8. h3
Qc7 9. Nbd2 O-O-O 10. Nf1 Nd5 11. Be3 Nxe3 12. Nxe3 Bxe3 13. fxe3 e4 14. Nd4 Qg3+
15. Kd2 Nxd4 16. exd4 Bc6 17. Qg1 Qg5+ 18. Qe3 Qxe3+ 19. Kxe3 Rhe8 20. Bg4+ Kc7 21.
c3 g6 22. dxe4 Rxe4+ 23. Kf2 Rde8 24. Bf3 Re3 25. Rae1 Rxe1 26. Rxe1 Rf8 27. Bxc6
bxc6 28. Kf3 Kd6 29. Kf4 f6 30. c4 a5 31. b3 Rb8 32. Re3 a4 33. h4 axb3 34. axb3
Ra8 35. g4 Kd7 36. h5 Ra1 37. hxg6 hxg6 38. Rh3 Rd1 39. Ke3 Rg1 40. Kf3 Rd1 41. Rh6
Rxd4 42. Rxg6 Ke7 43. g5 fxg5 44. Rxg5 Rd3+ 45. Ke4 Rxb3 46. Rg6 Kd7 47. Kd4 Rb1
48. Kc5 Rc1 49. Rg7+ Kc8 50. Rg4 Kc7 51. Rd4 Kb7 52. Rd7+ Kc8 53. Rh7  1/2-1/2

[Event "29th 4NCL Congress"]
[Site "Harrogate"]
[Date "2023.01.22"]
[Round "4"]
[Board "23"]
[White "Holi, Sief Al Din"]
[Black "Livesey, R Nigel"]
[Result "0-1"]
[WhiteElo "1709"]
[BlackElo "1818"]
[PlyCount "76"]
[EventDate "2023.01.20"]
[EventRounds "5"]
[EventCountry "ENG"]

1. d4 Nf6 2. Nc3 c5 3. Nf3 cxd4 4. Nxd4 g6 5. e4 d6 6. Bc4 Bg7 7. Be3 O-O 8. Qd2
Ng4 9. Bf4 e5 10. Bg5 Qc7 11. Bxf7+ Qxf7 12. Ndb5 Nc6 13. f3 Nf6 14. Nxd6 Qe6 15.
O-O-O Nd4 16. Ndb5 Nxb5 17. Nxb5 Qxa2 18. Qc3 Qa1+ 19. Kd2 Qa4 20. Nc7 Rb8 21. Qxe5
Nxe4+ 22. Qxe4 Qa5+ 23. Ke2 Qxc7 24. Kf2 Bf5 25. Qd5+ Kh8 26. c3 Rfe8 27. Rhe1 Qb6+
28. Kg3 h6 29. Bf4 Rbc8 30. h4 Qxb2 31. Be5 Bxe5+ 32. Rxe5 Qxc3 33. Rxe8+ Rxe8 34.
Qf7 Qe5+ 35. Kf2 Qe7 36. Qd5 Qxh4+ 37. Kg1 Re1+ 38. Rxe1 Qxe1+  0-1

[Event "29th 4NCL Congress"]
[Site "Harrogate"]
[Date "2023.01.22"]
[Round "4"]
[Board "24"]
[White "Echavarria Hidalgo, Fernando"]
[Black "Baxter, Martin"]
[Result "1/2-1/2"]
[WhiteElo "1793"]
[BlackElo "1707"]
[PlyCount "63"]
[EventDate "2023.01.20"]
[EventRounds "5"]
[EventCountry "ENG"]

1. e4 e5 2. Nf3 Nc6 3. Bb5 f5 4. exf5 e4 5. Qe2 Qe7 6. Bxc6 dxc6 7. Nd4 Nf6 8. O-O
Qe5 9. Ne6 Bd6 10. g3 Bxe6 11. fxe6 Qxe6 12. d3 O-O-O 13. dxe4 h5 14. Bg5 h4 15.
Bxf6 gxf6 16. Qf3 hxg3 17. hxg3 Kb8 18. Qf5 Qg8 19. Kg2 Qf7 20. Nc3 Rh5 21. Qf3 Rg8
22. Rh1 Rhg5 23. Ne2 f5 24. Rh4 Qc4 25. Qd3 Qf7 26. Rah1 f4 27. Rh8 fxg3 28. Rxg8+
Rxg8 29. Nxg3 Qxa2 30. b3 Qb2 31. Qc4 Qg7 32. Qd3  1/2-1/2

[Event "29th 4NCL Congress"]
[Site "Harrogate"]
[Date "2023.01.22"]
[Round "4"]
[Board "25"]
[White "Wheeler, Tim"]
[Black "Walshaw, David"]
[Result "1-0"]
[WhiteElo "1762"]
[BlackElo "1686"]
[PlyCount "99"]
[EventDate "2023.01.20"]
[EventRounds "5"]
[EventCountry "ENG"]

1. e4 g6 2. d4 Bg7 3. Nf3 c5 4. c3 cxd4 5. cxd4 d6 6. Nc3 a6 7. h3 Nc6 8. Be3 Nf6
9. Be2 b5 10. e5 dxe5 11. dxe5 Qxd1+ 12. Rxd1 Nd7 13. Nd5 O-O 14. e6 Nf6 15. exf7+
Rxf7 16. Nc7 Rb8 17. Ng5 Rf8 18. Nge6 Bxe6 19. Nxe6 Rfc8 20. Nxg7 Kxg7 21. O-O Nb4
22. Bf4 Rb6 23. a3 Nbd5 24. Be5 Kf7 25. Bf3 e6 26. Rd2 Nd7 27. Bd4 Rbc6 28. g3 R6c7
29. Rfd1 Rc1 30. Rxc1 Rxc1+ 31. Kg2 Rc7 32. h4 Ke7 33. h5 gxh5 34. Bxh5 N5f6 35.
Bf3 e5 36. Bc3 e4 37. Bd1 Nc5 38. Bc2 Rc6 39. Re2 Re6 40. Bb4 Kd6 41. f3 exf3+ 42.
Kxf3 Rxe2 43. Kxe2 Kc6 44. Kf3 Kd5 45. Bc3 Ncd7 46. Bf5 Ne5+ 47. Ke2 Ned7 48. g4
h6 49. Bd2 Ng8 50. Bxd7  1-0

[Event "29th 4NCL Congress"]
[Site "Harrogate"]
[Date "2023.01.22"]
[Round "4"]
[Board "26"]
[White "Ginestie, Martin"]
[Black "Stone, Ian C"]
[Result "1-0"]
[WhiteElo "1684"]
[BlackElo "1729"]
[PlyCount "195"]
[EventDate "2023.01.20"]
[EventRounds "5"]
[EventCountry "ENG"]

1. d4 d5 2. c4 dxc4 3. Nf3 Nf6 4. g3 Nc6 5. Bg2 e6 6. O-O Bd6 7. Qc2 h6 8. Nbd2 e5
9. dxe5 Bxe5 10. Nxe5 Nxe5 11. Nxc4 Nxc4 12. Qxc4 O-O 13. b4 Be6 14. Qc3 c6 15. e4
Qc8 16. Bxh6 Ne8 17. Bf4 Bh3 18. Rad1 Bxg2 19. Kxg2 Qe6 20. Qc2 Nf6 21. f3 Rfd8 22.
h4 Nh5 23. Be3 Rxd1 24. Rxd1 f5 25. Rd4 Qg6 26. Bf2 fxe4 27. Qxe4 Qf7 28. Rd2 Re8
29. Qg4 Nf6 30. Qf5 b6 31. Qc2 Qe7 32. a3 Qe6 33. Qa4 Nd5 34. Qxa7 Ne3+ 35. Bxe3
Qxe3 36. Qd7 Qe1 37. Qd3 Kh8 38. Rd1 Re2+ 39. Kh3 Qf2 40. Qg6 Rd2 41. Rxd2 Qxd2 42.
Qe8+ Kh7 43. Qxc6 Qd1 44. Qxb6 Qxf3 45. Qg1 Qxa3 46. Qb1+ Kh8 47. b5 Qe7 48. Qf5
Qb7 49. Kg4 Qb6 50. Qc8+ Kh7 51. Qc2+ Kh8 52. Qc6 Qd4+ 53. Kh3 Qd3 54. Qc8+ Kh7 55.
b6 Qf3 56. Qc7 Qf5+ 57. Kg2 Qe4+ 58. Kf2 Qf5+ 59. Ke2 Qe4+ 60. Kd1 Qd3+ 61. Kc1 Qf1+
62. Kb2 Qb5+ 63. Kc3 Qa5+ 64. Kd4 Qb4+ 65. Kd5 Qb5+ 66. Kd6 Qa6 67. Kc6 Qa8+ 68.
b7 Qe8+ 69. Qd7 Qe4+ 70. Kc7 Qe5+ 71. Kc8 Qc5+ 72. Kb8 Qe5+ 73. Qc7 Qe8+ 74. Ka7
Qa4+ 75. Kb6 Qb4+ 76. Ka6 Qa4+ 77. Qa5 Qc6+ 78. Ka7 Qd7 79. Ka8 Qc6 80. g4 g6 81.
h5 gxh5 82. Qxh5+ Kg8 83. Qf5 Qa6+ 84. Kb8 Qd6+ 85. Kc8 Qc6+ 86. Kb8 Qd6+ 87. Ka7
Qa3+ 88. Kb6 Qb4+ 89. Qb5 Qd6+ 90. Qc6 Qd8+ 91. Ka6 Qd3+ 92. Ka7 Qa3+ 93. Qa6 Qe7
94. g5 Qc7 95. Qg6+ Kf8 96. Qf6+ Kg8 97. g6 Qa5+ 98. Kb8  1-0

[Event "29th 4NCL Congress"]
[Site "Harrogate"]
[Date "2023.01.22"]
[Round "4"]
[Board "27"]
[White "Murphy, Ross"]
[Black "Cooper, Malcolm H"]
[Result "0-1"]
[WhiteElo "1748"]
[BlackElo "1879"]
[PlyCount "56"]
[EventDate "2023.01.20"]
[EventRounds "5"]
[EventCountry "ENG"]

1. d3 d5 2. c3 Nf6 3. Bg5 c5 4. Nd2 Nc6 5. e4 e6 6. Ngf3 Be7 7. Be2 O-O 8. Qc2 b6
9. O-O-O b5 10. e5 Ng4 11. Bxe7 Qxe7 12. Rdf1 Ngxe5 13. Nxe5 Nxe5 14. f4 Nc6 15.
Nf3 Bb7 16. d4 cxd4 17. Bxb5 Nb4 18. Qd2 dxc3 19. bxc3 Rac8 20. Kb1 Na6 21. Ne5 Qa3
22. Rf3 d4 23. Nc4 Rxc4 24. Bxc4 Bxf3 25. Bxa6 Be4+ 26. Ka1 dxc3 27. Qe2 Rd8 28.
Qb5 c2  0-1

[Event "29th 4NCL Congress"]
[Site "Harrogate"]
[Date "2023.01.22"]
[Round "4"]
[Board "28"]
[White "Taylor, Robert P"]
[Black "Doherty, Paul"]
[Result "1-0"]
[WhiteElo "1725"]
[BlackElo "1778"]
[PlyCount "35"]
[EventDate "2023.01.20"]
[EventRounds "5"]
[EventCountry "ENG"]

1. d4 f5 2. Bg5 c6 3. e3 Qb6 4. Bd3 Qxb2 5. Nd2 e6 6. Ngf3 d5 7. Ne5 g6 8. h4 Bg7
9. Rb1 Qxa2 10. h5 Ne7 11. Bxe7 Kxe7 12. hxg6 h6 13. g4 Nd7 14. f4 Nf6 15. g5 Ne4
16. Bxe4 dxe4 17. Nf7 Qa3 18. Rb3  1-0

[Event "29th 4NCL Congress"]
[Site "Harrogate"]
[Date "2023.01.22"]
[Round "4"]
[Board "29"]
[White "Lawrence, Spencer"]
[Black "Jayawarna, Tarini"]
[Result "1-0"]
[WhiteElo "1774"]
[BlackElo "1680"]
[PlyCount "75"]
[EventDate "2023.01.20"]
[EventRounds "5"]
[EventCountry "ENG"]

1. d4 Nf6 2. Nf3 g6 3. g3 Bg7 4. Bg2 O-O 5. O-O d6 6. b3 Nc6 7. Bb2 Rb8 8. c4 a6
9. Nc3 b5 10. cxb5 axb5 11. Ne1 Bd7 12. e4 b4 13. Ne2 e6 14. Qc2 Ne7 15. Rc1 c6 16.
Nd3 Qc7 17. Qd2 Qb6 18. Rc4 Rfc8 19. Qxb4 Qd8 20. Qxd6 Bh6 21. d5 Ne8 22. Qe5 Bg7
23. Qg5 Bxb2 24. Nxb2 cxd5 25. exd5 Bb5 26. dxe6 f6 27. Rxc8 Qxc8 28. Qd2 Qxe6 29.
Nf4 Qa6 30. Re1 Nf5 31. Qd5+ Kg7 32. Ne6+ Kh8 33. Bh3 Bc6 34. Qc5 Nfd6 35. Nc7 Nxc7
36. Qxd6 Qb6 37. Qxf6+ Kg8 38. Re7  1-0

[Event "29th 4NCL Congress"]
[Site "Harrogate"]
[Date "2023.01.22"]
[Round "5"]
[Board "1"]
[White "Pilley, Jack"]
[Black "Robson, Paul E"]
[Result "1-0"]
[WhiteElo "1944"]
[BlackElo "1942"]
[PlyCount "67"]
[EventDate "2023.01.20"]
[EventRounds "5"]
[EventCountry "ENG"]

1. e4 g6 2. d4 c5 3. c3 cxd4 4. cxd4 d5 5. e5 Nc6 6. Bb5 Bg7 7. Nf3 Bg4 8. Nbd2 e6
9. Bxc6+ bxc6 10. O-O Ne7 11. h3 Bxf3 12. Nxf3 O-O 13. Bd2 Qb6 14. Qc2 Rab8 15. b3
Nf5 16. Qc3 Rfc8 17. g4 Ne7 18. Rac1 Bf8 19. Ne1 Kg7 20. Nd3 Ng8 21. f4 Qd8 22. Rf3
f6 23. f5 gxf5 24. gxf5 exf5 25. Rxf5 fxe5 26. Nxe5 Qh4 27. Rf4 Qxf4 28. Bxf4 Rb7
29. Kh1 Kh8 30. Rg1 Nf6 31. Qf3 Bg7 32. Bh6 Ne4 33. Rxg7 Rxg7 34. Bxg7+  1-0

[Event "29th 4NCL Congress"]
[Site "Harrogate"]
[Date "2023.01.22"]
[Round "5"]
[Board "2"]
[White "De Sousa Muachikape, Jael"]
[Black "Mata, Andrew B"]
[Result "0-1"]
[WhiteElo "1913"]
[BlackElo "1868"]
[PlyCount "94"]
[EventDate "2023.01.20"]
[EventRounds "5"]
[EventCountry "ENG"]

1. d4 Nf6 2. c4 e6 3. Nf3 d5 4. Nc3 Be7 5. Bf4 a6 6. c5 O-O 7. e3 b6 8. b4 Bb7 9.
Ne5 Nfd7 10. Bd3 Nxe5 11. Bxe5 f5 12. Rb1 Nd7 13. Ne2 g5 14. Qc2 bxc5 15. bxc5 Bc6
16. O-O Bf6 17. Bg3 Qe7 18. Bxc7 Rfc8 19. Bg3 Qg7 20. f3 f4 21. exf4 Bxd4+ 22. Nxd4
Qxd4+ 23. Bf2 Qxf4 24. Bxh7+ Kh8 25. Rfe1 e5 26. Bf5 Ba4 27. Qd3 Nxc5 28. Qxd5 Qxf5
29. Bxc5 Re8 30. Bd6 Rad8 31. Bxe5+ Kh7 32. Rb7+ Kg6 33. Rg7+ Kh6 34. Qf7 Rxe5 35.
Rxe5 Rd1+ 36. Kf2 Rd2+ 37. Re2 Rxe2+ 38. Kxe2 Qe5+ 39. Kf2 Qxg7 40. Qe6+ Qg6 41.
Qxg6+ Kxg6 42. Ke3 Kf5 43. g4+ Ke5 44. h4 gxh4 45. f4+ Kf6 46. Kf2 Bc6 47. a4 Bxa4
 0-1

[Event "29th 4NCL Congress"]
[Site "Harrogate"]
[Date "2023.01.22"]
[Round "5"]
[Board "3"]
[White "Webster, Vivien"]
[Black "Hymer, Barry"]
[Result "1/2-1/2"]
[WhiteElo "1754"]
[BlackElo "1987"]
[PlyCount "86"]
[EventDate "2023.01.20"]
[EventRounds "5"]
[EventCountry "ENG"]

1. e4 d6 2. Nf3 Nf6 3. Nc3 e5 4. Bc4 Be7 5. a3 O-O 6. d3 c6 7. Bd2 b5 8. Bb3 Na6
9. h3 Nc5 10. Ba2 Qc7 11. b4 Ne6 12. a4 a5 13. bxa5 b4 14. Ne2 d5 15. exd5 cxd5 16.
c3 bxc3 17. Bxc3 d4 18. Bd2 Nc5 19. Bg5 Ba6 20. O-O Nxd3 21. Rb1 Qxa5 22. Ng3 Bd8
23. Bb3 Nd5 24. Bxd8 Rfxd8 25. Ng5 h6 26. N5e4 N3f4 27. Re1 d3 28. Qg4 Bc8 29. Nf5
Bxf5 30. Qxf5 Re8 31. Nd6 Ne2+ 32. Kh1 Re7 33. Qxd3 Ndf4 34. Qf5 Qd2 35. Bxf7+ Kh8
36. Qe4 Rf8 37. Nc4 Qd4 38. Bd5 Qxd5 39. Rxe2 Qxe4 40. Rxe4 Nd3 41. Kg1 Nxf2 42.
Rxe5 Rc7 43. Re2 Rxc4  1/2-1/2